Представление документа в формате MARC21

Поле Инд. ПП Название Значение
Тип записи a
Библиографический уровень m
001 Контрольный номер 100bb41f-d03b-42b8-8b9a-5868236d2466
005 Дата корректировки 20250421085253.2
008 Кодируемые данные 20010116s?a aznnnabbn zn aan
020 a ISBN 5-7133-0386-1
c Цена, тираж 1.50
040 a Служба первич. каталог. RU-RKP
a Служба первич. каталог. НБ ТвГУ
041 0_ a Код языка текста rus
080 a Индекс УДК 327.7ООН
a Индекс УДК 327(47+57)
084 a Индекс другой классификации/Индекс ББК Ф4(0)612
090 x Авторский знак К59
a Полочн. индекс Ф4(0)6
100 1_ a Автор Козырев Андрей Владимирович
245 00 a Заглавие Мы и мир в зеркале ООН
c Ответственность А. В. Козырев
260 0_ a Место издания Москва
b Издательство Международные отношения
c Дата издания 1991
300 a Объем 173,[1] с.
c Размеры 20 см
500 a Примечание НАСТОЯЩИЙ МАТЕРИАЛ (ИНФОРМАЦИЯ) ПРОИЗВЕДЕН, РАСПРОСТРАНЕН И (ИЛИ) НАПРАВЛЕН ИНОСТРАННЫМ АГЕНТОМ КОЗЫРЕВЫМ АНДРЕЕМ ВЛАДИМИРОВИЧЕМ, СОДЕРЖАЩИЙСЯ В РЕЕСТРЕ ИНОСТРАННЫХ АГЕНТОВ
650 04 a Основная рубрика Организация Объединенных Наций
852 41 t Порядковый номер экземпляра 1
p Инвентарный номер 619986